000 00508nam a2200145 i 4500
001 37731
003 ES-MaACL
007 t|
008 030221s1984 sp ||||1| spa d
100 1 _aCaballero Gea, José-Alfredo.
_933107
245 1 4 _aLos interdictos de retener o de recobrar y de obra nueva
_b: problemática jucicial..., sentencias..., formularios /
_cpor José-alfreso Caballero Gea.
260 _aPamplona :
_bAranzadi,
_c1984.
300 _a622 p. ;
_c24 cm.
852 _aES-MaACL
_jL-7279
_bR.108048
999 _c37731
_d37731